Nghiên cứu xây dựng hệ thống câu hỏi trắc nghiệm khách quan để kiểm tra đánh giá kết quả học tập môn vật lý ở học sinh lớp 10 (thể hiện qua chương các định luật bảo toàn SGK vật lý 10 ban KHTN)
Những cơ sở lý luận của việc xây dựng hệ thống câu hỏi trắc nghiệm khách quan để kiểm tra đánh giá kết quả học tập môn vật lý ở học sinh. Xây dựng hệ thống câu hỏi trắc nghiệm khách quan chương "các định luật bảo toàn" vật lý 10 nâng cao _ban KHTN. Thực nghiệm sư phạm...
Αποθηκεύτηκε σε:
| Κύριος συγγραφέας: | |
|---|---|
| Άλλοι συγγραφείς: | |
| Μορφή: | Βιβλίο |
| Γλώσσα: | Vietnamese |
| Έκδοση: |
Đại học Đà Nẵng
Trường đại học Sư Phạm
2010
|
| Σειρά: | Khóa luận tốt nghiệp đại học. Chuyên ngành: Sư phạm Lý
|
| Θέματα: | |
| Ετικέτες: |
Προσθήκη ετικέτας
Δεν υπάρχουν, Καταχωρήστε ετικέτα πρώτοι!
|
| Thư viện lưu trữ: | Mạng thư viện Đại học Đà Nẵng |
|---|
| LEADER | 01621nam a2200325 4500 | ||
|---|---|---|---|
| 001 | 000012154 | ||
| 003 | 8442 | ||
| 005 | 20120216090213.0 | ||
| 008 | 120216s2010 viesd | ||
| 041 | |a vie | ||
| 072 | |a Khóa luận tốt nghiệp | ||
| 082 | |a 373.072 |b TR-Đ | ||
| 100 | |a Trần, Thị Anh Đào | ||
| 245 | |a Nghiên cứu xây dựng hệ thống câu hỏi trắc nghiệm khách quan để kiểm tra đánh giá kết quả học tập môn vật lý ở học sinh lớp 10 (thể hiện qua chương các định luật bảo toàn SGK vật lý 10 ban KHTN) |c Trần, Thị Anh Đào | ||
| 260 | |a Đại học Đà Nẵng |b Trường đại học Sư Phạm |c 2010 | ||
| 300 | |a 44 tr. |c 29 cm | ||
| 490 | |a Khóa luận tốt nghiệp đại học. Chuyên ngành: Sư phạm Lý | ||
| 500 | |a Tham khảo tr.44 + phụ lục [44 tr.] | ||
| 520 | |a Những cơ sở lý luận của việc xây dựng hệ thống câu hỏi trắc nghiệm khách quan để kiểm tra đánh giá kết quả học tập môn vật lý ở học sinh. Xây dựng hệ thống câu hỏi trắc nghiệm khách quan chương "các định luật bảo toàn" vật lý 10 nâng cao _ban KHTN. Thực nghiệm sư phạm | ||
| 653 | |a Khóa luận tốt nghiệp đại học | ||
| 653 | |a Khoa Vật lý | ||
| 700 | |a Nguyễn, Hoàng Bảo Thanh |c TS |e Hướng dẫn | ||
| OWN | |a LSP | ||
| 999 | |a From the UDN01 | ||
| TYP | |a Monograph | ||
| TYP | |a Printed language | ||
| 980 | |a Mạng thư viện Đại học Đà Nẵng | ||